| 000 -ლიდერი |
| ფიქსირებული სიგრძის საკონტროლო ველი |
01442nam a22002417a 4500 |
| 003 - საკონტროლო ნომრის იდენტიფიკატორი |
| საკონტროლო ველი |
Ge_BSU |
| 005 - ბოლო ოპერაციის თარიღი და დრო |
| საკონტროლო ველი |
20221114120810.0 |
| 008 - ფიქსირებული სიგრძის მონაცემთა ელემენტები - ზოგადი ინფორმაცია |
| ფიქსირებული სიგრძის საკონტროლო ველი |
221114s2021ge xxu||||| |||| 00| 0 geo d |
| 022 ## - საერთაშორისო სტანდარტული სერიული ნომერი |
| Source |
2720-8451 |
| 041 ## - ენის კოდი |
| Language code of text/sound track or separate title |
geo |
| 080 ## - უნივერსალური ათობითი კლასიფიკაციის ინდექსი |
| Universal Decimal Classification number |
378(063) გ-97 |
| 245 ## - ცნობა სათაურის შესახებ |
| Title |
გურამ თავართქილაძის სასწავლო უნივერსიტეტის სამეცნიერო შრომათა კრებული : |
| Remainder of title |
#11 / |
| Statement of responsibility, etc |
მთ.რედ. გიორგი შათირიშვილი. |
| 250 ## - გამოცემის ცნობა |
| Edition statement |
გამოდის 2011 წლიდან |
| 264 ## - წარმოების, გამოცემის, დისტრიბუციის და სხვა ცნობები |
| გამოცემის, წარმოების, დისტრიბუციის... ადგილი |
თბილისი: |
| გამოცემის, წარმოების, დისტრიბუციის... სახელწოდება |
უნივერსალი, |
| გამოცემის, წარმოების, დისტრიბუციის... თარიღი |
2021. |
| 300 ## - ფიზიკური აღწერა |
| Extent |
99 გვ.: |
| Other physical details |
29 სმ. |
| 520 ## - SUMMARY, ETC. |
| Summary, etc |
რეზიუმე ინგლ. ენაზე |
| 653 ## - INDEX TERM--UNCONTROLLED |
| Uncontrolled term |
გურამ თავართქილაძის სასწავლო უნივერსიტეტის სამეცნიერო შრომათა კრებული |
| 653 ## - INDEX TERM--UNCONTROLLED |
| Uncontrolled term |
სამართალის მეცნიერებები |
| 653 ## - INDEX TERM--UNCONTROLLED |
| Uncontrolled term |
ეკონომიკის მეცნიერებები |
| 653 ## - INDEX TERM--UNCONTROLLED |
| Uncontrolled term |
სოციალური და ჰუმანიტარული მეცნიერებები |
| 700 ## - ADDED ENTRY--PERSONAL NAME |
| Personal name |
შათირიშვილი, გიორგი |
| Relator term |
მთავარი რედაქტორი |
| 9 (RLIN) |
15794 |
| 942 ## - ADDED ENTRY ELEMENTS (KOHA) |
| Source of classification or shelving scheme |
|
| Koha item type |
წიგნი |